[Event "Perth AUS Open"]
[Site "?"]
[Date "2023.01.07"]
[Round "9.45"]
[White "Brown, Greg"]
[Black "Yeung, Evan"]
[Result "0-1"]
[WhiteElo "1312"]
[BlackElo "1608"]
[PlyCount "130"]
[EventDate "2023.01.??"]
[EventRounds "11"]
[EventCountry "AUS"]
[SourceVersionDate "2023.01.02"]

1. c4 e5 2. g3 Nf6 3. Bg2 d5 4. cxd5 Nxd5 5. e3 Nc6 6. a3 a5 7. Ne2 Be7 8. Nbc3 Be6 9. O-O O-O 10. d4 exd4 11. exd4 Nxc3 12. Nxc3 Nxd4 13. Bxb7 Rb8 14. Be4 Bb3 15. Qd3 Bc2 16. Qe3 Bxe4 17. Qxe4 Re8 18. Rd1 c5 19. Rb1 Bf6 20. Qd5 Qe7 21. Be3 Rbd8 22. Qg2 Qe5 23. Kf1 Qf5 24. Kg1 Nc2 25. Rxd8 Rxd8 26. Rd1 Nd4 27. Kf1 h5 28. Qe4 Qh3+ 29. Qg2 Qg4 30. h3 Qe6 31. Bxd4 Bxd4 32. Qe4 Qxh3+ 33. Qg2 Qg4 34. Qe4 Qxe4 35. Nxe4 Rb8 36. Rb1 Rxb2 37. Rxb2 Bxb2 38. a4 Bd4 39. Nd6 Bc3 40. Ke2 Kf8 41. Kd3 Bb4 42. Kc4 Ke7 43. Ne4 Kd7 44. Nxc5+ Bxc5 45. Kxc5 g5 46. Kd5 h4 47. gxh4 gxh4 48. Ke4 Kd6 49. Kf4 h3 50. Kg3 h2 51. Kxh2 Kc5 52. f4 Kb4 53. Kg3 Kxa4 54. Kg4 Kb4 55. f5 a4 56. Kg5 a3 57. Kf6 a2 58. Kxf7 a1=Q 59. Ke6 Qe1+ 60. Kf7 Qd2 61. f6 Qd7+ 62. Kg8 Qe6+ 63. Kg7 Qg4+ 64. Kf8 Kc5 65. f7 Kd6 0-1

[Event "Perth AUS Open"]
[Site "?"]
[Date "2023.01.07"]
[Round "9.48"]
[White "McCarrick, Clare"]
[Black "Li, Ian"]
[Result "0-1"]
[WhiteElo "1488"]
[BlackElo "1341"]
[PlyCount "100"]
[EventDate "2023.01.??"]
[EventRounds "11"]
[EventCountry "AUS"]
[SourceVersionDate "2023.01.02"]

1. e4 e6 2. d4 d5 3. e5 c5 4. Nf3 cxd4 5. Bd3 Nc6 6. a3 h6 7. O-O Qc7 8. Re1 Bc5 9. Bf4 Nge7 10. h4 Bd7 11. b4 Bb6 12. Nbd2 a6 13. Rb1 Na7 14. Nb3 Nb5 15. Qc1 Nc3 16. Ra1 Nc6 17. Nfd2 Na7 18. Nf3 Nc6 19. Nfd2 Ba7 20. Nf1 Ne7 21. Ng3 Bb5 22. Nh5 Kf8 23. Kh2 Bxd3 24. cxd3 Nf5 25. Kh3 Qd8 26. Bg3 Rc8 27. Qd2 b5 28. Na5 Bb6 29. Nb7 Qd7 30. Nd6 Nxd6 31. exd6 Re8 32. Be5 f6 33. Nxf6 gxf6 34. Bxf6 Rh7 35. Qf4 e5+ 36. Qg4 Qxg4+ 37. Kxg4 e4 38. Be7+ Rhxe7 39. dxe7+ Rxe7 40. dxe4 dxe4 41. Rac1 Rc7 42. Kf5 d3 43. Rxc3 Rxc3 44. Kxe4 Kg7 45. h5 Bxf2 46. Rd1 Rxa3 47. Rd2 Be1 48. Rd1 d2 49. Kd4 Kf6 50. g4 Kg5 0-1

[Event "Perth AUS Open"]
[Site "?"]
[Date "2023.01.07"]
[Round "9.51"]
[White "Harris, Eamon"]
[Black "Milner, Anthony James"]
[Result "1-0"]
[WhiteElo "1884"]
[BlackElo "1102"]
[PlyCount "63"]
[EventDate "2023.01.??"]
[EventRounds "11"]
[EventCountry "AUS"]
[SourceVersionDate "2023.01.02"]

1. d4 d5 2. c4 e6 3. Nc3 c5 4. cxd5 cxd4 5. Qxd4 Nc6 6. Qd1 Nb4 7. e4 Nf6 8. a3 Na6 9. Bg5 Be7 10. Bb5+ Bd7 11. Bxa6 bxa6 12. d6 Qa5 13. Nf3 Bd8 14. b4 Qb6 15. O-O Rc8 16. Rc1 h6 17. Be3 Qb7 18. e5 Nh7 19. Nd4 f6 20. Qh5+ Kf8 21. f4 Be8 22. Nxe6+ Kg8 23. Qxe8+ Nf8 24. Nxf8 Bb6 25. Qe6+ Kxf8 26. Bxb6 Qxb6+ 27. Kh1 Qb7 28. Nd5 Re8 29. Ne7 Qe4 30. d7 Rd8 31. Rc8 Rxc8 32. dxc8=Q# 1-0

[Event "Perth AUS Open"]
[Site "?"]
[Date "2023.01.09"]
[Round "10.1"]
[White "Wallis, Christopher"]
[Black "Kuybokarov, Temur"]
[Result "1/2-1/2"]
[WhiteElo "2313"]
[BlackElo "2558"]
[PlyCount "38"]
[EventDate "2023.01.??"]
[EventRounds "11"]
[EventCountry "AUS"]
[SourceVersionDate "2023.01.02"]

1. d4 Nf6 2. c4 g6 3. Nc3 d5 4. cxd5 Nxd5 5. Bd2 c5 6. e4 Nxc3 7. Bxc3 cxd4 8. Bxd4 e5 9. Bc3 Nc6 10. Qxd8+ Kxd8 11. Bb5 Bb4 12. Ne2 Bxc3+ 13. Nxc3 Nd4 14. O-O-O Ke7 15. Bc4 Be6 16. Bxe6 Kxe6 17. Rd2 Rac8 18. Kb1 Rc4 19. Rhd1 Rhc8 1/2-1/2

[Event "Perth AUS Open"]
[Site "?"]
[Date "2023.01.09"]
[Round "10.2"]
[White "Gong, Patrick"]
[Black "Morris, James"]
[Result "1/2-1/2"]
[WhiteElo "2292"]
[BlackElo "2456"]
[PlyCount "114"]
[EventDate "2023.01.??"]
[EventRounds "11"]
[EventCountry "AUS"]
[SourceVersionDate "2023.01.02"]

1. a3 a6 2. c4 e5 3. Nc3 Nc6 4. g3 Bc5 5. Bg2 d6 6. d3 Nf6 7. Nf3 h6 8. O-O O-O 9. b4 Ba7 10. Bb2 Re8 11. Rc1 Ne7 12. Qd2 Ng6 13. e4 Be6 14. Nd5 c6 15. Nxf6+ Qxf6 16. Kh1 Rad8 17. Qc2 h5 18. h4 d5 19. c5 d4 20. Rb1 Qe7 21. Bc1 f6 22. Ng1 Bf7 23. Nh3 Bb8 24. Qe2 Qd7 25. Bd2 Qg4 26. Qxg4 hxg4 27. Ng1 Be6 28. f3 gxf3 29. Bh3 Kf7 30. Rxf3 Rh8 31. Kg2 Ne7 32. Rf2 Bc7 33. Bxe6+ Kxe6 34. Nf3 Rb8 35. Be1 b6 36. cxb6 Rxb6 37. Nd2 g6 38. Nb3 Bd6 39. Bd2 f5 40. Bg5 Rb5 41. Re1 c5 42. Bxe7 Bxe7 43. exf5+ gxf5 44. Rfe2 Bd6 45. Nxc5+ Kd5 46. Nd7 Rb7 47. Nxe5 Rg7 48. Nf3 Bxg3 49. Rh1 Bf4+ 50. Kf1 Rg3 51. Ne1 Rg4 52. h5 Rg5 53. Rc2 Bd6 54. Rc4 Rhxh5 55. Rxh5 Rxh5 56. Nf3 Rh1+ 57. Ke2 Ra1 1/2-1/2

[Event "Perth AUS Open"]
[Site "?"]
[Date "2023.01.09"]
[Round "10.3"]
[White "Stojic, Dusan"]
[Black "Vo, Thi Kim Phung"]
[Result "1-0"]
[WhiteElo "2219"]
[BlackElo "2343"]
[PlyCount "121"]
[EventDate "2023.01.??"]
[EventRounds "11"]
[EventCountry "AUS"]
[SourceVersionDate "2023.01.02"]

1. e4 e6 2. d4 d5 3. Nc3 Nf6 4. Qd3 Nc6 5. e5 Ne4 6. Nce2 f6 7. f3 Ng5 8. Bxg5 fxg5 9. c3 Be7 10. h4 gxh4 11. f4 O-O 12. Nf3 Bd7 13. g3 Be8 14. Nxh4 Bxh4 15. Rxh4 Bg6 16. Qe3 Ne7 17. Rh2 b5 18. Nc1 Rb8 19. a3 a5 20. b4 a4 21. Nd3 Qe8 22. Nc5 Bf5 23. Be2 Nc8 24. g4 Bg6 25. Nxe6 Qxe6 26. f5 Rxf5 27. gxf5 Bxf5 28. O-O-O c6 29. Rg1 Rb7 30. Rh6 g6 31. Qg5 Rf7 32. Qd8+ Rf8 33. Qh4 Rf7 34. Qd8+ Rf8 35. Qh4 Rf7 36. Kb2 Qe7 37. Qh2 Qe6 38. Rh1 Qe7 39. Ka1 Rg7 40. Qg3 Qe6 41. Bd1 Rf7 42. Qh2 Qe7 43. Bc2 Bxc2 44. Qxc2 Nb6 45. Qxg6+ Rg7 46. Qxc6 Nd7 47. Re6 Qf8 48. Qxd5 Kh8 49. Rd6 Rf7 50. Qe4 Qe7 51. Rxd7 Qxd7 52. e6 Qc8 53. exf7 Qxc3+ 54. Kb1 Qb3+ 55. Kc1 Qxa3+ 56. Kd1 Qb3+ 57. Ke2 Qa2+ 58. Ke3 Qb3+ 59. Kf4 Qxf7+ 60. Qf5 Qa7 61. Qf8# 1-0

[Event "Perth AUS Open"]
[Site "?"]
[Date "2023.01.09"]
[Round "10.4"]
[White "Fu Yihe, Rebo"]
[Black "Tin Jingyao"]
[Result "0-1"]
[WhiteElo "2149"]
[BlackElo "2598"]
[PlyCount "68"]
[EventDate "2023.01.??"]
[EventRounds "11"]
[EventCountry "AUS"]
[SourceVersionDate "2023.01.02"]
[TimeControl "40/90+30:0"]

1. e4 {[%emt 0:00:00]} e5 {[%emt 0:00:00]} 2. Nf3 {[%emt 0:00:00]} Nc6 {[%emt 0:00:00]} 3. Bb5 {[%emt 0:00:00]} g6 {[%emt 0:00:00]} 4. c3 {[%emt 0:03:50]} a6 {[%emt 0:00:00]} 5. Ba4 {[%emt 0:00:00]} d6 {[%emt 0:00:00]} 6. h3 {[%emt 0:00:00]} Bg7 {[%emt 0:00:00]} 7. d3 {[%emt 0:00:00]} Nf6 {[%emt 0:00:00]} 8. O-O {[%emt 0:00:00]} O-O {[%emt 0:00:00]} 9. Re1 {[%emt 0:00:00]} b5 {[%emt 0:00:00]} 10. Bb3 {[%emt 0:00:00]} Na5 {[%emt 0:00:00]} 11. Bc2 {[%emt 0:00:00]} c5 {[%emt 0:00:00]} 12. d4 {[%emt 0:00:00]} Qc7 {[%emt 0:00:00]} 13. d5 {[%emt 0:00:00]} c4 {[%emt 0:00:00]} 14. a4 {[%emt 0:00:00]} Bd7 {[%emt 0:00:00]} 15. Be3 {[%emt 0:00:00]} Rfb8 {[%emt 0:00:00]} 16. Nbd2 {[%emt 0:00:00]} b4 {[%emt 0:00:00]} 17. Qc1 {[%emt 0:00:00]} Nh5 {[%emt 0:00:00]} 18. Nf1 {[%emt 0:00:00]} bxc3 {[%emt 0:00:00]} 19. bxc3 {[%emt 0:00:00]} Nb3 {[%emt 0:00:00]} 20. Bxb3 {[%emt 0:00:00]} cxb3 {[%emt 0:00:00]} 21. Qb2 {[%emt 0:00:00]} Nf4 {[%emt 0:00:00]} 22. Bxf4 {[%emt 0:00:00]} exf4 {[%emt 0:00:00]} 23. Nd4 {[%emt 0:00:00]} Bxd4 {[%emt 0:00:00]} 24. cxd4 {[%emt 0:00:00]} Qc2 {[%emt 0:00:00]} 25. Qa3 {[%emt 0:00:00]} b2 {[%emt 0:00:00]} 26. Rab1 {[%emt 0:00:00]} Bxa4 {[%emt 0:00:00]} 27. Qxd6 {[%emt 0:00:00]} Qc3 {[%emt 0:01:49]} 28. Qc5 {[%emt 0:00:00]} Qxc5 {[%emt 0:01:13]} 29. dxc5 {[%emt 0:00:00]} Bc2 {[%emt 0:00:08]} 30. c6 {[%emt 0:00:00]} Bxb1 {[%emt 0:00:10]} 31. Rxb1 {[%emt 0:00:00]} a5 {[%emt 0:02:41]} 32. c7 {[%emt 0:00:00]} a4 {[%emt 0:00:56]} 33. d6 {[%emt 0:00:00]} a3 {[%emt 0:00:18]} 34. d7 {[%emt 0:00:00]} Rd8 {[%emt 0:00:28]} 0-1

[Event "Perth AUS Open"]
[Site "?"]
[Date "2023.01.09"]
[Round "10.5"]
[White "Kargosha, Bahman"]
[Black "Liu, Yi"]
[Result "0-1"]
[WhiteElo "2096"]
[BlackElo "2303"]
[PlyCount "70"]
[EventDate "2023.01.??"]
[EventRounds "11"]
[EventCountry "AUS"]
[SourceVersionDate "2023.01.02"]

1. d4 Nf6 2. c4 g6 3. Nc3 Bg7 4. e4 O-O 5. Nf3 d6 6. h3 e5 7. d5 a5 8. Bg5 Na6 9. Be2 Qe8 10. g4 Nd7 11. a3 Nb6 12. b3 Nc5 13. Nd2 f5 14. gxf5 gxf5 15. Be3 Bd7 16. Qc2 Qe7 17. Rg1 Kh8 18. O-O-O f4 19. Bxc5 dxc5 20. a4 Qh4 21. Rdf1 Bxh3 22. Rh1 f3 23. Bxf3 Rxf3 24. Nxf3 Qf4+ 25. Nd2 Bxf1 26. Rxf1 Bh6 27. Ne2 Qf3 28. Kd1 Bxd2 29. Kxd2 Nd7 30. Qd3 Qg2 31. Rg1 Qxf2 32. Qh3 Nf6 33. Rf1 Nxe4+ 34. Kd1 Rf8 35. Rh1 Qf7 0-1

[Event "Perth AUS Open"]
[Site "?"]
[Date "2023.01.09"]
[Round "10.6"]
[White "Qi, Mars"]
[Black "Jordan, William"]
[Result "1-0"]
[WhiteElo "2087"]
[BlackElo "2181"]
[PlyCount "103"]
[EventDate "2023.01.??"]
[EventRounds "11"]
[EventCountry "AUS"]
[SourceVersionDate "2023.01.02"]

1. d4 Nf6 2. Bg5 Ne4 3. Bf4 d5 4. e3 c5 5. Bd3 cxd4 6. Bxe4 dxe4 7. exd4 e5 8. Bxe5 Nc6 9. Nc3 Bb4 10. Nge2 O-O 11. O-O Bg4 12. Bf4 Qh4 13. Bg3 Qh5 14. h3 Bf5 15. a3 Ba5 16. b4 Bd8 17. d5 Nb8 18. d6 Bf6 19. Qd5 Re8 20. Rad1 Nd7 21. Nd4 Bg6 22. Qxb7 Nb6 23. d7 Nxd7 24. Qxd7 Rad8 25. Qxa7 Re7 26. Qb6 Red7 27. Nce2 h6 28. c3 e3 29. fxe3 Be4 30. Rxf6 gxf6 31. Qxf6 Qg5 32. Qxg5+ hxg5 33. a4 f5 34. a5 Rg7 35. Be5 Rg6 36. Ng3 Bb7 37. Ngxf5 Kh7 38. Ra1 Rd5 39. Bc7 Rd7 40. Bh2 g4 41. h4 Rf6 42. Be5 Rxf5 43. Nxf5 Rd2 44. e4 Bxe4 45. Ne3 Rb2 46. Kh2 Kg6 47. Kg3 Kh5 48. a6 Bc6 49. a7 Ba8 50. Ra5 Re2 51. Bd4+ Kg6 52. h5+ 1-0

[Event "Perth AUS Open"]
[Site "?"]
[Date "2023.01.09"]
[Round "10.7"]
[White "Johansen, Darryl K"]
[Black "Li, Tedric"]
[Result "1-0"]
[WhiteElo "2360"]
[BlackElo "1688"]
[PlyCount "107"]
[EventDate "2023.01.??"]
[EventRounds "11"]
[EventCountry "AUS"]
[SourceVersionDate "2023.01.02"]

1. Nf3 Nf6 2. c4 e6 3. g3 d5 4. d4 dxc4 5. Qa4+ Nc6 6. Qxc4 Be7 7. Bg2 O-O 8. O-O Bd7 9. a3 Rb8 10. Qc2 b5 11. b3 Rb6 12. Nbd2 Bc8 13. Bb2 Bb7 14. Rac1 Nd7 15. Rfd1 Qb8 16. Ne4 Rd8 17. h4 a5 18. Neg5 Nf8 19. Ne4 Rc8 20. Nc5 Ba8 21. e4 Bf6 22. g4 Nd8 23. g5 Be7 24. h5 Nb7 25. Qd2 Nd6 26. Qf4 Rd8 27. Ne5 f6 28. gxf6 Bxf6 29. Rd3 c6 30. Rg3 Ne8 31. Ncd3 Qc7 32. Qd2 Ra6 33. f4 Nd6 34. Qe2 Nf7 35. Nf3 Nh6 36. Bh3 Qf7 37. Ng5 Qe7 38. Nc5 Ra7 39. Ngxe6 Nxe6 40. Bxe6+ Kh8 41. f5 Bxd4+ 42. Bxd4 Rxd4 43. Qe3 Rd8 44. e5 Qh4 45. Qg5 Qxg5 46. Rxg5 Nf7 47. Bxf7 Rxf7 48. e6 Re7 49. h6 gxh6 50. Rg2 Rf8 51. Rf1 Rf6 52. Rd1 Re8 53. e7 Rf7 54. f6 1-0

[Event "Perth AUS Open"]
[Site "?"]
[Date "2023.01.09"]
[Round "10.8"]
[White "Rice, Leah"]
[Black "Bassig, Hamish"]
[Result "1-0"]
[WhiteElo "1403"]
[BlackElo "1973"]
[PlyCount "75"]
[EventDate "2023.01.??"]
[EventRounds "11"]
[EventCountry "AUS"]
[SourceVersionDate "2023.01.02"]

1. d4 d5 2. Nf3 e6 3. e3 Nf6 4. Be2 c5 5. b3 Bd6 6. O-O O-O 7. Bb2 b6 8. c4 Bb7 9. Nc3 a6 10. cxd5 exd5 11. Ne5 Re8 12. f4 Nc6 13. Kh1 b5 14. Bf3 Ne7 15. g4 Rc8 16. g5 Ne4 17. Nxe4 dxe4 18. Bg4 Rc7 19. dxc5 Bxc5 20. Qxd8 Rxd8 21. Rfd1 Nd5 22. Bd4 Bxd4 23. Rxd4 Re8 24. Re1 Rc3 25. Bd7 Rd8 26. Bf5 Re8 27. Bxe4 f6 28. gxf6 gxf6 29. Rg1+ Kf8 30. Nd7+ Kf7 31. Bxd5+ Bxd5+ 32. Rxd5 Rexe3 33. Rh5 Ke6 34. Nc5+ Kd6 35. Nxa6 Re2 36. Nb4 Rf3 37. Rd1+ Ke6 38. Nc6 1-0

[Event "Perth AUS Open"]
[Site "?"]
[Date "2023.01.09"]
[Round "10.9"]
[White "Teh Rui Gen"]
[Black "Nguyen Hong Anh"]
[Result "1-0"]
[WhiteElo "2028"]
[BlackElo "1954"]
[PlyCount "87"]
[EventDate "2023.01.??"]
[EventRounds "11"]
[EventCountry "AUS"]
[SourceVersionDate "2023.01.02"]

1. e4 c5 2. Nc3 Nc6 3. f4 e6 4. Nf3 d5 5. Bb5 Nge7 6. exd5 exd5 7. Qe2 Qd6 8. Ne5 g6 9. Bxc6+ bxc6 10. O-O Bg7 11. d3 O-O 12. b3 Nf5 13. Ba3 f6 14. Nf3 Qxf4 15. Bxc5 Rd8 16. Nd4 Qc7 17. Qf2 Bf8 18. Na4 Bd6 19. Bxd6 Qxd6 20. Rae1 Rf8 21. Nxf5 Bxf5 22. Qd4 Rf7 23. Re2 Rb8 24. Nc5 Re7 25. Ne4 Bxe4 26. Rxf6 Qc7 27. dxe4 Rbe8 28. e5 Rxe5 29. Rxe5 Rxe5 30. Rxc6 Qxc6 31. Qxe5 Qxc2 32. Qxd5+ Kg7 33. Qd4+ Kh6 34. Qxa7 Qd1+ 35. Kf2 Qd2+ 36. Kf3 Qd5+ 37. Kf2 Qd2+ 38. Kg3 Qg5+ 39. Kf3 Qd5+ 40. Ke2 Qxg2+ 41. Qf2 Qd5 42. Qe3+ Kg7 43. Qc3+ Kf8 44. Qf3+ 1-0

[Event "Perth AUS Open"]
[Site "?"]
[Date "2023.01.09"]
[Round "10.11"]
[White "Kelly, Adam"]
[Black "Teh Hui Lam"]
[Result "1-0"]
[WhiteElo "2006"]
[BlackElo "1706"]
[PlyCount "47"]
[EventDate "2023.01.??"]
[EventRounds "11"]
[EventCountry "AUS"]
[SourceVersionDate "2023.01.02"]

1. d4 Nf6 2. c4 e6 3. Nc3 Bb4 4. g3 Ne4 5. Qd3 f5 6. Bg2 Nxc3 7. bxc3 Be7 8. Nf3 O-O 9. O-O d6 10. e4 Nc6 11. exf5 exf5 12. Re1 Rb8 13. h4 h6 14. d5 Na5 15. Qe3 Bf6 16. Qxa7 Bxc3 17. Bd2 Bxa1 18. Qxb8 Nxc4 19. Rxa1 Qf6 20. Re1 Qf7 21. Bf4 b6 22. Rc1 Qxd5 23. Qxc7 Ba6 24. Nd2 1-0

[Event "Perth AUS Open"]
[Site "?"]
[Date "2023.01.09"]
[Round "10.13"]
[White "Li Hui"]
[Black "Phillips, Max"]
[Result "1-0"]
[WhiteElo "1956"]
[BlackElo "1506"]
[PlyCount "53"]
[EventDate "2023.01.??"]
[EventRounds "11"]
[EventCountry "AUS"]
[SourceVersionDate "2023.01.02"]

1. e4 c6 2. d4 d5 3. Nd2 dxe4 4. Nxe4 Nf6 5. Nxf6+ exf6 6. c3 Bd6 7. Bd3 O-O 8. Qc2 c5 9. Ne2 Re8 10. Be3 cxd4 11. Nxd4 h5 12. O-O-O Nc6 13. Nb5 f5 14. Bc4 f4 15. Nxd6 fxe3 16. Bxf7+ Kf8 17. Bxe8 Qg5 18. fxe3 Qxe3+ 19. Qd2 Qxd2+ 20. Rxd2 Be6 21. Bxc6 bxc6 22. Rf1+ Kg8 23. Re1 Bxa2 24. Re8+ Rxe8 25. Nxe8 Kf7 26. Nd6+ Ke6 27. Ne4 1-0

[Event "Perth AUS Open"]
[Site "?"]
[Date "2023.01.09"]
[Round "10.15"]
[White "Baneshi, Kiamehr"]
[Black "Holland, Dennis"]
[Result "1/2-1/2"]
[WhiteElo "1671"]
[BlackElo "1899"]
[PlyCount "119"]
[EventDate "2023.01.??"]
[EventRounds "11"]
[EventCountry "AUS"]
[SourceVersionDate "2023.01.02"]

1. e4 c6 2. d3 d5 3. Nd2 e5 4. Ngf3 Bd6 5. g3 Nf6 6. Bg2 O-O 7. O-O Re8 8. Re1 Bg4 9. h3 Bxf3 10. Nxf3 d4 11. Nh4 g6 12. Bg5 Be7 13. f4 Nh5 14. Bxe7 Qxe7 15. Nf5 Qc7 16. Rf1 exf4 17. gxf4 Nxf4 18. Qg4 h5 19. Qxf4 Qxf4 20. Rxf4 gxf5 21. Rxf5 Nd7 22. Raf1 Re7 23. Rxh5 Rae8 24. Rg5+ Kf8 25. Rgf5 Ne5 26. Bf3 Kg7 27. Kf2 Nxf3 28. Rxf3 Rh8 29. Ke2 Rh5 30. Kd2 Rg5 31. h4 Rg2+ 32. R1f2 Rxf2+ 33. Rxf2 Re5 34. c3 c5 35. c4 b6 36. Ke2 a6 37. Kf3 Re6 38. Rg2+ Kf8 39. Rg5 Rf6+ 40. Rf5 Rg6 41. Kf2 Ke7 42. h5 Rg4 43. a4 a5 44. e5 Rh4 45. Kg3 Rh1 46. Kg4 Ke6 47. Rf6+ Kxe5 48. Rxf7 Rg1+ 49. Kh4 Rh1+ 50. Kg5 Rg1+ 51. Kh6 Rg3 52. Rb7 Rxd3 53. Rxb6 Rg3 54. Rc6 d3 55. Rxc5+ Kd4 56. Rxa5 Kxc4 57. Rf5 Kb3 58. a5 d2 59. Rd5 Kc2 60. Rc5+ 1/2-1/2

[Event "Perth AUS Open"]
[Site "?"]
[Date "2023.01.09"]
[Round "10.17"]
[White "Saxon, Marc"]
[Black "Chinbat, Chinguun"]
[Result "0-1"]
[WhiteElo "1813"]
[BlackElo "1787"]
[PlyCount "74"]
[EventDate "2023.01.??"]
[EventRounds "11"]
[EventCountry "AUS"]
[SourceVersionDate "2023.01.02"]

1. e4 e6 2. d4 d5 3. exd5 exd5 4. Bd3 Bd6 5. Nf3 Nf6 6. O-O O-O 7. Bg5 Nbd7 8. c3 h6 9. Bh4 c6 10. Bc2 Qc7 11. Re1 b6 12. Nbd2 Ba6 13. Nf1 Rfe8 14. Ne3 g6 15. b3 Ne4 16. c4 Bb7 17. Qd3 f5 18. g4 f4 19. Ng2 g5 20. Nxg5 hxg5 21. f3 Ndf6 22. fxe4 dxe4 23. Qh3 gxh4 24. Qxh4 f3 25. Ne3 Kf7 26. Nf5 Bf4 27. g5 Rh8 28. Nh6+ Rxh6 29. Qxh6 Bxg5 30. Qh3 Bc8 31. Qh8 Qf4 32. Rxe4 f2+ 33. Kf1 Nxe4 34. Qh7+ Kf6 35. Qxe4 Bh3+ 36. Ke2 f1=Q+ 37. Rxf1 Qxf1# 0-1

[Event "Perth AUS Open"]
[Site "?"]
[Date "2023.01.09"]
[Round "10.18"]
[White "Lakner, Jay"]
[Black "Gunawan, Tjermin"]
[Result "0-1"]
[WhiteElo "2060"]
[BlackElo "1593"]
[PlyCount "102"]
[EventDate "2023.01.??"]
[EventRounds "11"]
[EventCountry "AUS"]
[SourceVersionDate "2023.01.02"]

1. e4 c6 2. d4 d5 3. Nc3 dxe4 4. Nxe4 Nf6 5. Ng3 h5 6. h4 Bg4 7. Be2 Bxe2 8. N1xe2 e6 9. Bg5 Qa5+ 10. c3 Nbd7 11. b4 Qc7 12. Bf4 Bd6 13. Bxd6 Qxd6 14. Qb3 Qd5 15. Nf4 Qxb3 16. axb3 g6 17. Nd3 O-O 18. Kd2 a6 19. f3 Rfd8 20. Rhe1 Kg7 21. c4 Rab8 22. Kc3 Rbc8 23. Ra5 Rc7 24. Ne2 Nb8 25. Rg1 b6 26. Ra2 Ra7 27. Ne5 Nfd7 28. Nd3 Nf6 29. Ne5 Nfd7 30. Nxd7 Nxd7 31. g4 Nf6 32. Nf4 hxg4 33. fxg4 Rad7 34. g5 Ne4+ 35. Kd3 Rxd4+ 36. Ke3 Nc3 37. Rc2 Nd1+ 38. Kf3 e5 39. Ng2 Rd3+ 40. Ke2 Nc3+ 41. Kf2 Ne4+ 42. Ke2 Ng3+ 43. Kf2 Rxb3 44. Ra1 Rdd3 45. Rxa6 Rf3+ 46. Ke1 Rf1+ 47. Kd2 Ne4+ 48. Ke2 Rf2+ 49. Kd1 Rb1+ 50. Rc1 Rd2+ 51. Ke1 Rxc1# 0-1

[Event "Perth AUS Open"]
[Site "?"]
[Date "2023.01.09"]
[Round "10.19"]
[White "Koh, Shannon"]
[Black "Vlietstra, Marc"]
[Result "1-0"]
[WhiteElo "1541"]
[BlackElo "2007"]
[PlyCount "57"]
[EventDate "2023.01.??"]
[EventRounds "11"]
[EventCountry "AUS"]
[SourceVersionDate "2023.01.02"]

1. e4 c5 2. c3 Nf6 3. e5 Nd5 4. Nf3 Nc6 5. Bc4 Nb6 6. Bb3 d5 7. exd6 Qxd6 8. O-O Bg4 9. Bxf7+ Kd8 10. Bb3 Ne5 11. Nxe5 Bxd1 12. Nf7+ Kc7 13. Nxd6 Bxb3 14. Nb5+ Kc6 15. axb3 Kxb5 16. Re1 Kc6 17. Re6+ Kc7 18. d4 Nd7 19. Be3 cxd4 20. Bxd4 a6 21. Na3 h5 22. Rd1 Rh6 23. Rxh6 gxh6 24. Re1 e5 25. Bxe5+ Nxe5 26. Rxe5 Rd8 27. Kf1 Rd1+ 28. Ke2 Rb1 29. Nxb1 1-0

[Event "Perth AUS Open"]
[Site "?"]
[Date "2023.01.09"]
[Round "10.20"]
[White "Norris, Damian"]
[Black "Gao, Oscar"]
[Result "1-0"]
[WhiteElo "1890"]
[BlackElo "1727"]
[PlyCount "53"]
[EventDate "2023.01.??"]
[EventRounds "11"]
[EventCountry "AUS"]
[SourceVersionDate "2023.01.02"]

1. e4 e5 2. Nf3 Nc6 3. Bc4 Bc5 4. c3 Nf6 5. d4 exd4 6. cxd4 Bb4+ 7. Bd2 Bxd2+ 8. Nbxd2 d5 9. exd5 Nxd5 10. O-O O-O 11. Ne5 Nxd4 12. Nb3 Nxb3 13. Bxd5 Nxa1 14. Bxf7+ Kh8 15. Qh5 g6 16. Nxg6+ Kg7 17. Nxf8 Qxf8 18. Bc4 Qf4 19. Re1 Be6 20. Bxe6 Nc2 21. g3 Qf6 22. Re4 Rf8 23. Qg4+ Kh8 24. Rf4 Qg7 25. Rxf8+ Qxf8 26. Bb3 Ne1 27. Qd4+ 1-0

[Event "Perth AUS Open"]
[Site "?"]
[Date "2023.01.09"]
[Round "10.21"]
[White "Taylor, Noah"]
[Black "Ellis, David"]
[Result "0-1"]
[WhiteElo "1525"]
[BlackElo "1770"]
[PlyCount "70"]
[EventDate "2023.01.??"]
[EventRounds "11"]
[EventCountry "AUS"]
[SourceVersionDate "2023.01.02"]

1. e4 c6 2. d4 d5 3. e5 c5 4. dxc5 Nc6 5. f4 e6 6. Be3 Nh6 7. c3 Nf5 8. Qd3 Nxe3 9. Qxe3 d4 10. Qd2 Bxc5 11. Nf3 O-O 12. Bb5 dxc3 13. bxc3 Qb6 14. Qe2 Bd7 15. Nbd2 Nxe5 16. Nxe5 Bxb5 17. c4 Bc6 18. Nd3 Bd4 19. Rb1 Qd8 20. Rb3 Qh4+ 21. g3 Qe7 22. Nf3 Bf6 23. O-O Rad8 24. Nfe5 Ba4 25. Rb2 b6 26. Rc1 Qd6 27. c5 Qd4+ 28. Kh1 Bxe5 29. Nxe5 bxc5 30. Rc4 Qd5+ 31. Qg2 Qd1+ 32. Qg1 Qd5+ 33. Qg2 Bc6 34. Nxc6 Qxc4 35. Rc2 Rd1+ 0-1

[Event "Perth AUS Open"]
[Site "?"]
[Date "2023.01.09"]
[Round "10.22"]
[White "Holliday, Bruce M"]
[Black "Sheridan, Wallace"]
[Result "1-0"]
[WhiteElo "1760"]
[BlackElo "1461"]
[PlyCount "41"]
[EventDate "2023.01.??"]
[EventRounds "11"]
[EventCountry "AUS"]
[SourceVersionDate "2023.01.02"]

1. e4 d6 2. d4 Nf6 3. Nc3 e5 4. dxe5 dxe5 5. Qxd8+ Kxd8 6. Bg5 Be6 7. Nd5 Nbd7 8. O-O-O Kc8 9. f3 Ne8 10. Ne2 f6 11. Be3 c6 12. Ndc3 b5 13. Ng3 Nd6 14. b3 Nb7 15. a4 bxa4 16. Nxa4 Nbc5 17. Nxc5 Nxc5 18. Nf5 g6 19. Nd6+ Bxd6 20. Rxd6 Kc7 21. Bxc5 1-0

[Event "Perth AUS Open"]
[Site "?"]
[Date "2023.01.09"]
[Round "10.24"]
[White "Huang Hui"]
[Black "Novakovic, Velibor"]
[Result "1/2-1/2"]
[WhiteElo "1514"]
[BlackElo "1911"]
[PlyCount "117"]
[EventDate "2023.01.??"]
[EventRounds "11"]
[EventCountry "AUS"]
[SourceVersionDate "2023.01.02"]

1. d4 d5 2. Bf4 Nf6 3. e3 c6 4. c4 Bf5 5. Qb3 Qb6 6. c5 Qxb3 7. axb3 Nbd7 8. Nf3 Ne4 9. Nbd2 Nxd2 10. Kxd2 Nf6 11. Bd3 Ne4+ 12. Ke2 f6 13. Nd2 Bg6 14. Nxe4 Bxe4 15. Bxe4 dxe4 16. b4 g5 17. Bg3 h5 18. h4 g4 19. Ra5 a6 20. Rha1 Rc8 21. d5 cxd5 22. b5 e5 23. c6 bxc6 24. bxa6 Bb4 25. R5a4 c5 26. Rc1 Ra8 27. f3 gxf3+ 28. gxf3 Rg8 29. Bf2 exf3+ 30. Kxf3 Rg7 31. Rd1 Rd7 32. Be1 Bxe1 33. Rxe1 Rd6 34. a7 c4 35. Ke2 Rb6 36. Ra2 Kf7 37. Rg1 Rb7 38. Rga1 Rb6 39. Rg1 Rb7 40. Rga1 e4 41. Kd2 Ke6 42. Kc3 Ke5 43. Kc2 Rg7 44. Ra6 f5 45. b4 cxb3+ 46. Kxb3 f4 47. exf4+ Kxf4 48. Kc3 Ke5 49. R6a5 Rc8+ 50. Kd2 Rg2+ 51. Ke1 Rg1+ 52. Kd2 Rxa1 53. Rxa1 Ra8 54. Ra5 Kd4 55. Ra4+ Kc5 56. Ke3 Kb6 57. Rd4 Kc5 58. Ra4 Kb6 59. Rd4 1/2-1/2

[Event "Perth AUS Open"]
[Site "?"]
[Date "2023.01.09"]
[Round "10.25"]
[White "Kinsman, Craig C"]
[Black "McAteer, Ian"]
[Result "1-0"]
[WhiteElo "1986"]
[BlackElo "1605"]
[PlyCount "43"]
[EventDate "2023.01.??"]
[EventRounds "11"]
[EventCountry "AUS"]
[SourceVersionDate "2023.01.02"]

1. e4 c6 2. d4 d5 3. Nc3 dxe4 4. Nxe4 Nf6 5. Nxf6+ exf6 6. c3 Bd6 7. Bd3 O-O 8. Qc2 Re8+ 9. Ne2 h5 10. O-O Nd7 11. Ng3 Qc7 12. h3 Bxg3 13. fxg3 Nf8 14. Bf4 Qd8 15. Rae1 Be6 16. Qd1 Bxa2 17. b3 Qd5 18. Bc4 Qa5 19. Qa1 b5 20. b4 Bxc4 21. Qxa5 Bxf1 22. Rxe8 1-0